| 000 | 00351nam a2200121Ia 4500 | ||
|---|---|---|---|
| 005 | 20260326235447.0 | ||
| 008 | 260326s9999||||xx |||||||||||||| ||und|| | ||
| 100 | _aBarney Cabrera ,Eugenio | ||
| 245 | 0 |
_aTemas para la Historia del Arte en Colombia / _cEugenio Barney Cabrera |
|
| 260 | _bUniversidad Nacional de Colombia | ||
| 650 | _aARTE | ||
| 942 | _cBK | ||
| 999 |
_c7606 _d7606 |
||